000 00334nam a2200133Ia 4500
008 191201s2004 xx 000 0 und d
082 _a621.34
_bPRE
100 _aPRAMANIK, Ashutosh
245 0 _aElectromagnetism: Theory and Applications
260 _aN.Delhi
_bPHI
_c2004
300 _a803
650 _aB.Tech(ECE)
942 _2ddc
_cBK
999 _c1819
_d1819